| 000 | 00393nam a22001577a 4500 | ||
|---|---|---|---|
| 005 | 20170916121715.0 | ||
| 008 | 170916b xxu||||| |||| 00| 0 eng d | ||
| 020 | _a81-219-1773-5 | ||
| 041 | _aeng | ||
| 082 | _a658.5 | ||
| 100 |
_aTELSANG, MARTAND _91626 |
||
| 245 | _aINDUSTRIAL ENGINEERING AND PRODUCTION MANAGEMENT | ||
| 260 |
_aNEW DELHI _bS.CHAND _c1998 |
||
| 300 | _a687p. | ||
| 942 | _cBK | ||
| 999 |
_c5578 _d5576 |
||